00292nam a2200133Ia 4500003000900000008004100009040001300050040001300063245003200076245001100108260002500119300000800144490000600152IT-RoPAU120407s9999 xx 000 0 und d aIT-RoPAU cIT-RoPAU 4aThe documents of Vatican II cAA.VV. aSt Paul Publications c cm v1